000 00737nam a2200289Ia 4500
005 20260324121030.0
008 008 260324s9999 xx 000 0 eng d
020 _a9781315778594
037 _aEBOOK
040 _aCRL
040 _beng
040 _cCRL
041 _2eng
041 _aeng
084 _qCRL
100 _aBrian D. Loader; Ariadne Vromen; Michael Xenos
_91160922
245 4 _aThe Networked Young Citizen
245 0 _bSocial Media, Political Participation and Civic Engagement
260 _bTaylor and Francis
260 _c2014
365 _a
365 _b255
856 _uhttp://www.taylorfrancis.com/books/9781315778594
942 _cEBOOK
999 _c1752770
_d1752770